MARC

LEADER 00000nam0a2200000 4500
001 113507
005 20231031121831.0
035 |a (RuTPU)RU\TPU\book\122762 
090 |a 113507 
100 |a 20070411d1978 k y0rusy50 ca 
101 0 |a rus 
102 |a RU 
105 |a a z 001yy 
200 1 |a Предупреждение и ликвидация газонефтепроявлений при бурении скважин  |f А. Ф. Озеренко [и др.] 
210 |a Москва  |c Недра  |d 1978. 
215 |a 279 с.  |c ил. 
320 |a Библиогр.: с. 274-277. 
610 1 |a бурение 
610 1 |a скважины 
610 1 |a газонефтепроявления 
610 1 |a ликвидация 
610 1 |a газовые скважины 
610 1 |a фонтаны 
675 |a 622.248.3  |v 3 
701 1 |a Озеренко  |b А. Ф.  |g Анатолий Федорович 
701 1 |a Куксов  |b А. К.  |g Анатолий Кононович 
701 1 |a Булатов  |b А. И.  |g Анатолий Иванович 
701 1 |a Сибирко  |b И. А.  |g Игорь Александрович 
801 1 |a RU  |b 63413507  |c 20070411  |g PSBO 
801 2 |a RU  |b 63413507  |c 20081005  |g PSBO 
900 |a Теория и практика управления скважиной 
942 |c BK